000 00287nam a22001337a 4500
008 181107b xxu||||| |||| 00| 0 eng d
020 _a0806716010
041 _aeng
080 _a616.5
100 _a7
101 _aDER
245 _aAtlas of Dermatology
_cRassner,G
942 _2udc
_cBK
999 _c52161
_d52161